LIBRARY ONLINE CATALOGUE

ABC's of selling / (Record no. 5749)

MARC details
000 -LEADER
fixed length control field 00691nam a22002292 4500
001 - CONTROL NUMBER
control field 0000002268
005 - DATE AND TIME OF LATEST TRANSACTION
control field 20151217151846.0
008 - FIXED-LENGTH DATA ELEMENTS--GENERAL INFORMATION
fixed length control field 070405s xx 000 0 eng d
020 ## - INTERNATIONAL STANDARD BOOK NUMBER
International Standard Book Number 8185386153 :
Terms of availability KES 375
040 ## - CATALOGING SOURCE
Original cataloging agency KABU
Transcribing agency KABU
050 #0 - LIBRARY OF CONGRESS CALL NUMBER
Classification number HF5438.25
Item number .F868 1996
100 1# - MAIN ENTRY--PERSONAL NAME
Personal name Futrell, Charles.
-- 0000151575
245 10 - TITLE STATEMENT
Title ABC's of selling /
Statement of responsibility, etc. Charles Futrell.
250 ## - EDITION STATEMENT
Edition statement 2nd ed.
260 ## - PUBLICATION, DISTRIBUTION, ETC. (IMPRINT)
Place of publication, distribution, etc. Delhi :
Name of publisher, distributor, etc. All India Traveller Booksellers,
Date of publication, distribution, etc. 1996.
300 ## - PHYSICAL DESCRIPTION
Extent xxi, 473 p.
650 #0 - SUBJECT ADDED ENTRY--TOPICAL TERM
Topical term or geographic name as entry element Selling.
-- 0000083908
908 ## - PUT COMMAND PARAMETER (RLIN)
Put command parameter 070405
950 ## - LOCAL HOLDINGS (RLIN)
-- 1
Holdings
Withdrawn status Lost status Source of classification or shelving scheme Not for loan Home library Current library Date acquired Total Checkouts Full call number Barcode Date last seen Price effective from Koha item type
    Library of Congress Classification   Kabarak, Main Campus Kabarak, Main Campus 17/12/2015   HF5438.25 .F868 1996 002475 02/08/2024 17/12/2015 General Collection
    Library of Congress Classification   Kabarak, Main Campus Kabarak, Main Campus 17/12/2015   HF5438.25 .F868 1996 002476 02/08/2024 17/12/2015 General Collection